[Event "Indywidualne Mistrzostwa Polski Juniorow - C18"]
[Site "Szczyrk"]
[Date "2013-03-24"]
[Round "2.1"]
[White "Musialkiewicz, Jan"]
[Black "Adamowicz, Maciej"]
[Result "1/2-1/2"]
[WhiteTitle "k+"]
[BlackTitle "I++"]
[WhiteElo "2243"]
[BlackElo "2042"]

1. d4 Nf6 2. c4 c5 3. d5 b5 4. Qc2 bxc4 5. e4 d6 6. Nc3 g6 7. Nf3 Bg7 8. Bxc4 Nbd7
9. O-O O-O 10. Re1 Nb6 11. Nd2 Ng4 12. Be2 e5 13. h3 Nh6 14. Nc4 Nxc4 15. Bxc4
f5 16. Bxh6 Bxh6 17. a3 a5 18. Rab1 Rb8 19. Bd3 Kh8 20. Na2 fxe4 21. Bxe4 Qg5
22. Kf1 Ba6+ 23. Kg1 Qd2 24. Qxd2 Bxd2 25. Red1 Bg5 26. Nc3 Rb7 27. Bd3 c4 28.
Bf1 Rfb8 29. Ne4 Be7 30. Rbc1 Rxb2 31. Bxc4 Bc8 32. Rc3 Bf5 33. f3 Bxe4 34. fxe4
Bd8 35. Kh2 Bb6 36. Rf3 Bc5 37. Rdf1 R2b7 38. Rf8+ Kg7 39. R8f3 Rc7 40. Re1 Rb2
41. Re2 Rb1 42. Kg3 1/2-1/2

[Event "Indywidualne Mistrzostwa Polski Juniorow - C18"]
[Site "Szczyrk"]
[Date "2013-03-24"]
[Round "2.2"]
[White "Jaskolka, Tomasz"]
[Black "Lewtak, Damian"]
[Result "1/2-1/2"]
[WhiteTitle "I++"]
[BlackTitle "m"]
[WhiteElo "2038"]
[BlackElo "2224"]

1. e4 c5 2. Nf3 Nc6 3. d4 cxd4 4. Nxd4 Nf6 5. Nc3 d6 6. Bg5 e6 7. Qd2 a6 8. O-O-O
Bd7 9. f4 b5 10. Nxc6 Bxc6 11. Bd3 Qb6 12. e5 dxe5 13. fxe5 Nd7 14. Qf4 Qc7 15.
Rhf1 Nxe5 16. Be4 Bxe4 17. Qxe4 Rc8 18. Bf4 f6 19. Bxe5 Qxe5 20. Qb7 Qc7 21. Qxa6
b4 22. Qxe6+ Be7 23. Rd3 Qc6 24. Qxc6+ Rxc6 25. Nd5 Bd6 26. Rd4 Bxh2 27. Nxb4
Re6 28. Nd3 Re2 29. Re1 Rxe1+ 30. Nxe1 g5 31. c4 Ke7 32. a3 Ke6 33. Kc2 Be5 34.
Rd5 h5 35. Nf3 h4 36. Nxe5 fxe5 37. Kd3 Kf5 38. Ke3 h3 39. gxh3 Rxh3+ 40. Kd2
g4 41. Rd8 Ke4 42. c5 Rh7 43. b4 Rg7 44. Ke2 g3 45. Rd1 Rh7 46. Rd8 1/2-1/2

[Event "Indywidualne Mistrzostwa Polski Juniorow - C18"]
[Site "Szczyrk"]
[Date "2013-03-24"]
[Round "2.3"]
[White "Jachym, Adam"]
[Black "Jarmula, Pawel"]
[Result "0-1"]
[WhiteTitle "II+"]
[BlackTitle "k"]
[WhiteElo "1934"]
[BlackElo "2197"]

1. e4 c5 2. c3 d5 3. exd5 Qxd5 4. d4 Nf6 5. Nf3 e6 6. Na3 a6 7. Nc2 Nc6 8. Be2
Be7 9. O-O O-O 10. Be3 b6 11. a3 Bb7 12. b4 cxb4 13. axb4 b5 14. Bf4 Qd7 15. Bg3
Nd5 16. Qd2 Bf6 17. Nce1 Rac8 18. Ra3 Nb6 19. Qa2 Ne7 20. Nd3 Ned5 21. Nc5 Qc6
22. Qa1 Ra8 23. Bd3 Qc8 24. Rc1 Rd8 25. Rc2 Be7 26. Rca2 Bxc5 27. bxc5 Nd7 28.
Ng5 N7f6 29. Qb1 h6 30. Bh7+ Kf8 31. Nf3 Ne7 32. Bd3 Kg8 33. Ne5 Nc6 34. Qd1 b4
35. cxb4 Nxb4 36. Rb2 a5 37. Bb1 Qxc5 38. Rd2 Qd5 39. f3 Rac8 40. h3 Qb5 41. Kh2
Nfd5 42. Qa4 Qxa4 43. Rxa4 Ne3 44. Rb2 Nf1+ 45. Kg1 Nxg3 46. Kf2 Nh1+ 0-1

[Event "Indywidualne Mistrzostwa Polski Juniorow - C18"]
[Site "Szczyrk"]
[Date "2013-03-24"]
[Round "2.4"]
[White "Cukrowski, Filip"]
[Black "Eggink, Mateusz"]
[Result "1/2-1/2"]
[WhiteTitle "k"]
[BlackTitle "I"]
[WhiteElo "2163"]
[BlackElo "2035"]

1. e4 c5 2. Nf3 d6 3. d4 cxd4 4. Nxd4 Nf6 5. Nc3 a6 6. Bg5 Nbd7 7. f4 Qc7 8. Qf3
h6 9. Bxf6 Nxf6 10. f5 e5 11. fxe6 fxe6 12. O-O-O Bd7 13. g3 O-O-O 14. Bh3 Re8
15. Rhe1 Kb8 16. Kb1 Nh7 17. Qe2 Ng5 18. Bg4 g6 19. Nf3 Nxf3 20. Qxf3 Bg7 21.
Qd3 Be5 22. Rf1 Rh7 23. Ne2 h5 24. Bf3 Qb6 25. Qb3 Qc5 26. Nf4 Bb5 27. Be2 Bxe2
28. Nxe2 g5 29. Nc1 Bh8 30. Nd3 Qc6 31. Rde1 Rc7 32. Rf2 Bd4 33. Rfe2 Qd7 34.
Rd2 Qg7 35. c3 Be5 36. Nxe5 Qxe5 37. Qd1 h4 38. gxh4 gxh4 39. Rxd6 Qxh2 40. Rh1
Qf4 41. Rd8+ Rc8 42. Qd6+ Qxd6 43. Rxd6 Rh8 44. Rxe6 h3 45. Rh2 Rcg8 46. Kc2 Rg3
47. Kb3 Rg2 48. Rxg2 hxg2 49. Rg6 Re8 50. Rxg2 Rxe4 51. Rg7 Ka7 52. a4 Kb6 53.
a5+ Kc6 54. Rg6+ Kc7 55. Rb6 Rf4 56. Rb4 Rf5 57. Rc4+ Kb8 58. Ka4 Rg5 59. b4 Rh5
60. Rc5 Rh6 61. c4 Rg6 62. Rd5 Rg7 63. Kb3 Rg3+ 64. Kc2 Kc7 65. Rd3 Rg4 66. Kc3
Rh4 67. Re3 Rg4 68. Kd3 Rg6 69. Re4 Rd6+ 70. Kc3 Rd7 71. b5 axb5 72. cxb5 Rd8
73. Kc4 Rd1 74. Kc5 Rc1+ 75. Rc4 Rh1 76. Kd5+ Kd7 77. Re4 Rh5+ 78. Re5 Rh6 79.
Rg5 Rh7 80. Rf5 Rg7 81. Rh5 Rf7 82. Ke4 Kd6 83. Rd5+ Kc7 84. Ke5 Re7+ 85. Kf6
Re1 86. Re5 Ra1 87. b6+ Kc6 88. Ke7 Rh1 89. Re2 Rh7+ 90. Ke6 Rh6+ 91. Ke7 Rh7+
92. Ke6 1/2-1/2

[Event "Indywidualne Mistrzostwa Polski Juniorow - C18"]
[Site "Szczyrk"]
[Date "2013-03-24"]
[Round "2.5"]
[White "Stankiewicz, Pawel"]
[Black "Suliborski, Jakub"]
[Result "0-1"]
[WhiteTitle "k"]
[BlackTitle "I++"]
[WhiteElo "2108"]
[BlackElo "1996"]

1. Nf3 e6 2. g3 Nf6 3. Bg2 d5 4. O-O Be7 5. d3 O-O 6. b3 c5 7. Bb2 Nc6 8. c4 d4
9. e3 e5 10. exd4 cxd4 11. Re1 Qc7 12. Na3 a6 13. Rc1 Qa5 14. c5 Nd7 15. Nc4 Qc7
16. a3 a5 17. Qd2 Nxc5 18. Ncxe5 Nxb3 19. Rxc6 bxc6 20. Qc2 Be6 21. Nxc6 Bf6 22.
Rxe6 fxe6 23. Qxb3 Qxc6 24. Nxd4 Rab8 25. Bxc6 Rxb3 26. Nxb3 Bxb2 27. a4 Bc3 28.
f4 Kf7 29. Kg2 Ke7 30. Kf3 Kd6 31. Bb5 g5 32. Ke4 gxf4 33. gxf4 Rg8 34. Kf3 Rg1
35. Kf2 Rg4 36. Kf3 Rh4 37. Nc1 Rxh2 38. Ne2 Be1 39. Bc4 Rf2+ 40. Ke3 Rf1 41.
Nd4 Bb4 42. Nf3 h5 43. Ke2 Ra1 44. Bb5 Bc3 45. Ng5 Bd4 46. Kf3 Re1 47. Kg3 Rg1+
48. Kh4 Rg4+ 49. Kxh5 Rxf4 50. Bc4 Bf6 51. Ne4+ Ke5 52. Nc5 Be7 53. Ne4 Kf5 54.
Ng3+ Kf6 55. Ne2 Rf2 56. Nd4 e5 57. Nc6 Rf4 58. Bb5 Bd6 59. Nxa5 Bb4 0-1

[Event "Indywidualne Mistrzostwa Polski Juniorow - C18"]
[Site "Szczyrk"]
[Date "2013-03-24"]
[Round "2.6"]
[White "Faron, Rafal"]
[Black "Pietruszewski, Marcin"]
[Result "1/2-1/2"]
[WhiteTitle "I"]
[BlackTitle "k"]
[WhiteElo "1894"]
[BlackElo "2107"]

1. d4 Nf6 2. c4 e6 3. Nc3 Bb4 4. e3 c5 5. Bd3 O-O 6. Nge2 Nc6 7. O-O b6 8. Bd2
Bb7 9. a3 Bxc3 10. Bxc3 cxd4 11. Nxd4 Nxd4 12. Bxd4 d5 13. Qf3 dxc4 14. Bxh7+
Kxh7 15. Qxb7 Nd5 16. Qa6 Qc8 17. Qa4 a6 18. Rac1 b5 19. Qd1 Qb7 20. Qh5+ Kg8
21. Qe5 Nf6 22. Qg5 Ne8 23. Bc5 f6 24. Qh5 Rf7 25. Rcd1 Rd7 26. Rxd7 Qxd7 27.
Rd1 Qc7 28. h3 Rd8 29. Rxd8 Qxd8 30. Qf3 Qc8 31. Bb4 Kf7 32. Qh5+ Kg8 33. Qf3
Kf7 34. Qh5+ Kg8 35. Qf3 Kf7 36. Qh5+ Kg8 37. Qf3 Kf7 38. Qh5+ 1/2-1/2

[Event "Indywidualne Mistrzostwa Polski Juniorow - C18"]
[Site "Szczyrk"]
[Date "2013-03-24"]
[Round "2.7"]
[White "Klimek, Marcin"]
[Black "Poswiatowski, Michal"]
[Result "1/2-1/2"]
[WhiteTitle "I"]
[BlackTitle "I+"]
[WhiteElo "1819"]
[BlackElo "2076"]

1. e4 c5 2. Nf3 e6 3. c3 Nf6 4. Bd3 b6 5. O-O Be7 6. Bc2 Nc6 7. d4 cxd4 8. cxd4
Nb4 9. Nc3 Nxc2 10. Qxc2 Bb7 11. Bg5 h6 12. Bh4 O-O 13. Rac1 Rc8 14. Qd3 d6 15.
Rfd1 Qd7 16. e5 Nd5 17. Bxe7 Qxe7 18. Nxd5 Bxd5 19. Qa3 Rcd8 20. Rd3 Rd7 21. h3
Rfd8 22. Rdc3 f6 23. exf6 Qxf6 24. Rd1 Rf7 25. Re3 Qg6 26. Qd3 Qxd3 27. Rexd3
Bxf3 28. Rxf3 Rxf3 29. gxf3 Rc8 30. Rd2 Kf7 31. f4 d5 32. Kg2 Kf6 33. Kf3 Rc1
34. Kg3 Kf5 35. f3 a5 36. a3 a4 37. h4 h5 38. Re2 Rd1 39. Re5+ Kf6 40. f5 exf5
1/2-1/2

[Event "Indywidualne Mistrzostwa Polski Juniorow - C18"]
[Site "Szczyrk"]
[Date "2013-03-24"]
[Round "2.8"]
[White "Paszewski, Mateusz"]
[Black "Gora, Jan"]
[Result "1/2-1/2"]
[WhiteTitle "I++"]
[BlackTitle "I"]
[WhiteElo "2065"]
[BlackElo "1961"]

1. c4 e6 2. Nf3 d5 3. g3 dxc4 4. Qa4+ Bd7 5. Qxc4 c5 6. Bg2 Nc6 7. O-O Nf6 8. Nc3
a6 9. b3 b5 10. Qf4 Rc8 11. Ne4 Nxe4 12. Qxe4 Be7 13. Bb2 O-O 14. Rac1 Nb4 15.
a3 Nd5 16. Ne5 f6 17. Nxd7 Qxd7 18. Rfd1 f5 19. Qb1 Bf6 20. Bxf6 Nxf6 21. Qb2
e5 22. d3 Qd6 23. b4 cxb4 24. Qxb4 Qxb4 25. axb4 e4 26. Ra1 Rc2 27. Kf1 exd3 28.
Rxd3 Re8 29. Bf3 Re6 30. Rd8+ Kf7 31. Ra8 Rc4 32. Ra7+ Re7 33. Rxe7+ Kxe7 34.
Rxa6 Ne4 35. Ra7+ Kf6 36. Ra6+ Ke7 37. Ra7+ Kf6 38. Ra6+ Ke7 39. Ra7+ Kf6 40.
Ra6+ Ke7 1/2-1/2

[Event "Indywidualne Mistrzostwa Polski Juniorow - C18"]
[Site "Szczyrk"]
[Date "2013-03-24"]
[Round "2.9"]
[White "Mroziak, Maciej"]
[Black "Borawski, Jakub"]
[Result "1-0"]
[WhiteTitle "I++"]
[BlackTitle "I"]
[WhiteElo "2149"]
[BlackElo "1946"]

1. c4 e5 2. Nc3 Nc6 3. g3 d6 4. Bg2 Be6 5. d3 Qd7 6. b4 g6 7. b5 Nd8 8. Qb3 Bg7
9. Rb1 Ne7 10. Nf3 Bh3 11. O-O Bxg2 12. Kxg2 Ne6 13. e3 O-O 14. Rd1 g5 15. h3
f5 16. Ba3 Kh8 17. c5 dxc5 18. d4 cxd4 19. exd4 Nxd4 20. Ne2 h6 21. Nexd4 exd4
22. Nxd4 Bxd4 23. Rxd4 Qxd4 24. Bb2 Qxb2 25. Qxb2+ Kg8 26. Qe5 Rf7 27. Qxc7 Ng6
28. Qd6 Kh7 29. Re1 b6 30. Qd5 Raf8 31. Re8 Kg8 32. Qc6 Kg7 33. Re6 Rf6 34. Qc3
f4 35. g4 R8f7 36. Kf3 Nh4+ 37. Ke4 Ng6 38. a4 Nf8 39. Rc6 Nd7 40. Rxf6 Rxf6 41.
Kd5 Nc5 42. a5 Kf7 43. a6 Rd6+ 44. Kc4 Rd7 45. Qh8 Kg6 46. Qg8+ Kf6 47. Qf8+ Kg6
48. Qf5+ Kg7 49. h4 gxh4 50. g5 hxg5 51. Qxg5+ Kf7 52. Qxf4+ Ke6 53. Qxh4 Kf5
54. Qh3+ Kf6 55. f4 Ne6 56. Qc3+ Kf7 57. Qe3 Rd4+ 58. Qxd4 Nxd4 59. Kxd4 Ke6 60.
Ke4 Kd6 61. Kf5 Kc5 62. Ke6 1-0

[Event "Indywidualne Mistrzostwa Polski Juniorow - C18"]
[Site "Szczyrk"]
[Date "2013-03-24"]
[Round "2.10"]
[White "Knapik, Andrzej"]
[Black "Nasuta, Grzegorz"]
[Result "0-1"]
[WhiteTitle "I"]
[BlackTitle "k"]
[WhiteElo "1913"]
[BlackElo "2295"]

1. e4 c5 2. Nf3 d6 3. d4 cxd4 4. Nxd4 Nf6 5. Nc3 a6 6. Bg5 Nbd7 7. f4 Qc7 8. Qf3
b5 9. Bd3 Bb7 10. O-O-O e6 11. Rhe1 Be7 12. g4 Qb6 13. Nce2 Rc8 14. Bxf6 Bxf6
15. Qe3 g6 16. Qg1 e5 17. g5 Bg7 18. Nb3 Qxg1 19. Rxg1 exf4 20. Nxf4 O-O 21. Nd5
Bxd5 22. exd5 Nb6 23. Be4 Rfe8 24. Bf3 Nc4 25. Rge1 Bxb2+ 26. Kb1 Bc3 27. Re2
a5 28. Rd3 b4 29. Rf2 a4 30. Nd4 Re1+ 0-1

[Event "Indywidualne Mistrzostwa Polski Juniorow - C18"]
[Site "Szczyrk"]
[Date "2013-03-24"]
[Round "2.11"]
[White "Lopuszanski, Kamil"]
[Black "Nowicki, Bartosz"]
[Result "0-1"]
[WhiteTitle "I"]
[BlackTitle "k"]
[WhiteElo "1870"]
[BlackElo "2156"]

1. e4 c5 2. Nf3 d6 3. d4 cxd4 4. Qxd4 Bd7 5. Bc4 Nc6 6. Qd3 Nf6 7. Nc3 g6 8. O-O
Bg7 9. Bb3 O-O 10. Nd5 Rc8 11. c3 Na5 12. Bc2 Re8 13. Rd1 a6 14. a4 Nc4 15. Rb1
b5 16. b3 Nxd5 17. exd5 Nb6 18. a5 Rxc3 19. Qe2 Rxc2 20. Qxc2 Bf5 21. Qc6 Nxd5
22. Rxd5 Bxb1 23. Qxa6 Be4 24. Qxb5 Bxd5 25. Qxd5 Qa8 26. Qxa8 Rxa8 27. Bd2 Rc8
28. Kf1 Kf8 29. b4 Ke8 30. a6 Kd7 31. b5 Rb8 32. a7 Ra8 33. Be3 Bc3 34. b6 Kc6
35. Nd4+ Bxd4 36. Bxd4 e5 37. Be3 d5 38. Bc5 Kb7 39. f4 f6 40. fxe5 fxe5 41. Ke2
Rc8 42. Bf2 Rc2+ 43. Kf1 Ra2 44. g4 d4 45. Bg3 Kxb6 46. Bxe5 Kc5 0-1

[Event "Indywidualne Mistrzostwa Polski Juniorow - C18"]
[Site "Szczyrk"]
[Date "2013-03-24"]
[Round "2.12"]
[White "Szewczyk, Mariusz"]
[Black "Dzierzak, Radoslaw"]
[Result "1/2-1/2"]
[WhiteTitle "I++"]
[BlackTitle "I+"]
[WhiteElo "2093"]
[BlackElo "1912"]

1. e4 c5 2. Nf3 e6 3. d4 cxd4 4. Nxd4 Nc6 5. Be3 Nf6 6. Nc3 a6 7. a3 d5 8. exd5
Nxd5 9. Nxd5 Qxd5 10. Nxc6 Qxc6 11. Qd2 Be7 12. O-O-O O-O 13. Be2 e5 14. Qd5 Qc7
15. Qc4 Qxc4 16. Bxc4 Bf5 17. Bd5 Rac8 18. c3 Rfd8 19. Rd2 Rd7 20. f3 Kf8 21.
g4 Bg6 22. Be4 Rxd2 23. Kxd2 Bxe4 24. fxe4 f6 25. Kc2 Kf7 26. Rd1 Ke6 27. Rd5
g6 28. Rd2 b5 29. Kd3 Rd8+ 30. Ke2 Rxd2+ 31. Kxd2 f5 32. gxf5+ gxf5 33. exf5+
Kxf5 34. Kd3 Bf6 35. b3 e4+ 36. Kd2 Be7 37. a4 bxa4 38. bxa4 Kg4 39. Ke2 Bd6 40.
Bg1 Kf5 41. h3 Ke6 42. c4 Bb4 43. Bd4 Be7 44. Be3 Kd6 45. Kd2 Kc6 46. Bd4 Bg5+
47. Ke2 Bh6 48. Kf2 Bf4 49. h4 h5 50. Kg2 Bd6 51. Kf2 Be7 52. Kg3 Bc5 53. Be5
Be3 54. Bf4 Bd4 55. Bd2 Be5+ 56. Bf4 Bd4 57. Bd2 e3 58. Bb4 Bf6 59. Kf3 Bxh4 60.
Kxe3 Bd8 61. Kf4 Kd7 62. Bd2 Be7 63. Kf5 Kc6 64. Be3 Bc5 65. Bc1 Be7 66. Be3 Bc5
67. Bd2 Bf2 68. Bb4 Kb6 69. Kg5 h4 70. Kg4 Bc5 71. Bd2 Be7 72. Be3+ Ka5 73. c5
Bd8 74. Bf4 Kxa4 75. c6 Kb5 76. c7 Bxc7 1/2-1/2

[Event "Indywidualne Mistrzostwa Polski Juniorow - C18"]
[Site "Szczyrk"]
[Date "2013-03-24"]
[Round "2.13"]
[White "Budzinski, Jan"]
[Black "Zielinski, Maciej"]
[Result "1-0"]
[WhiteTitle "I+"]
[BlackTitle "I++"]
[WhiteElo "1984"]
[BlackElo "2091"]

1. e4 c5 2. Nc3 g6 3. g3 Bg7 4. Bg2 Nc6 5. d3 d6 6. Be3 Nf6 7. h3 Qa5 8. Qd2 O-O
9. Nge2 Bd7 10. g4 b5 11. g5 b4 12. Nd1 Ne8 13. f4 Rc8 14. c3 Qa6 15. O-O f6 16.
gxf6 Nxf6 17. Ng3 bxc3 18. bxc3 e6 19. f5 Ne5 20. Nb2 exf5 21. d4 cxd4 22. cxd4
Nc4 23. Nxc4 Rxc4 24. e5 Ne4 25. Nxe4 fxe4 26. Rxf8+ Kxf8 27. Bf1 d5 28. Bxc4
dxc4 29. Qb4+ Kg8 30. Rc1 Qxa2 31. Qb8+ Bf8 32. Bh6 Qa3 33. Qxf8+ Qxf8 34. Bxf8
Kxf8 35. Rxc4 Bxh3 36. d5 Bf5 37. Rc7 h5 38. Rxa7 h4 39. Rh7 h3 40. e6 e3 41.
e7+ Ke8 42. d6 1-0

[Event "Indywidualne Mistrzostwa Polski Juniorow - C18"]
[Site "Szczyrk"]
[Date "2013-03-24"]
[Round "2.14"]
[White "Zochowski, Kacper"]
[Black "Kowalczyk, Adam"]
[Result "1-0"]
[WhiteTitle "I++"]
[BlackTitle "II+"]
[WhiteElo "2083"]
[BlackElo "1878"]

1. e4 c5 2. Nf3 e6 3. d4 cxd4 4. Nxd4 Nf6 5. Nc3 Nc6 6. Ndb5 Bb4 7. Nd6+ Ke7 8.
Nxc8+ Rxc8 9. Bd3 d5 10. exd5 Nxd5 11. O-O Ne5 12. Ne4 Nb6 13. a3 Nxd3 14. cxd3
Bc5 15. Nxc5 Rxc5 16. Qg4 Kf8 17. Qb4 Qe7 18. Be3 Rc6 19. Qa5 Nc8 20. Rac1 Qd7
21. Rxc6 bxc6 22. Qc5+ Ke8 23. Rc1 Qxd3 24. Qxc6+ Ke7 25. Bg5+ f6 26. Qb7+ Kd6
27. Qc7+ Kd5 28. Qc5+ 1-0

[Event "Indywidualne Mistrzostwa Polski Juniorow - C18"]
[Site "Szczyrk"]
[Date "2013-03-24"]
[Round "2.15"]
[White "Lapaj, Mateusz"]
[Black "Adamczewski, Jedrzej"]
[Result "0-1"]
[WhiteTitle "I++"]
[BlackTitle "I"]
[WhiteElo "2044"]
[BlackElo "1861"]

1. e4 c5 2. Nf3 e6 3. d4 cxd4 4. Nxd4 a6 5. Be2 Nf6 6. Nc3 Qc7 7. a3 Nc6 8. O-O
Be7 9. Be3 d6 10. f4 Bd7 11. g4 h6 12. g5 hxg5 13. fxg5 Nxd4 14. Qxd4 d5 15. Rf2
Nxe4 16. Nxe4 dxe4 17. b4 Bd6 18. Rd1 Bxh2+ 19. Kf1 Be5 20. Qc5 Rh1+ 21. Kg2 Rh2+
22. Kg1 Rxf2 23. Kxf2 Qxc5 24. Bxc5 Bc6 25. Ke3 Rd8 26. Rh1 Bc3 27. Bc4 Bd2+ 0-1

[Event "Indywidualne Mistrzostwa Polski Juniorow - C18"]
[Site "Szczyrk"]
[Date "2013-03-24"]
[Round "2.16"]
[White "Licznerski, Lukasz"]
[Black "Gabryjalowicz, Jakub"]
[Result "1-0"]
[WhiteTitle "FM"]
[BlackTitle "I"]
[WhiteElo "2331"]
[BlackElo "1779"]

1. e4 c5 2. Nf3 Nc6 3. Bb5 d6 4. d4 cxd4 5. Qxd4 Bd7 6. Bxc6 Bxc6 7. Nc3 Nf6 8.
Bg5 e6 9. O-O-O Be7 10. Qd3 O-O 11. Nd4 Qc7 12. f4 a6 13. Bxf6 Bxf6 14. Nxc6 Qxc6
15. Qxd6 Qxd6 16. Rxd6 Bxc3 17. bxc3 Rac8 18. Kb2 Rc4 19. Rd4 Rfc8 20. Rhd1 Kf8
21. Rxc4 Rxc4 22. Rd4 Rc7 23. Kb3 Ke7 24. Kb4 Rc6 25. a4 Rb6+ 26. Kc4 Rc6+ 27.
Kd3 e5 28. fxe5 Rg6 29. g3 Rh6 30. Rb4 b5 31. axb5 axb5 32. h4 Rg6 33. Rxb5 Rxg3+
34. Kd4 Rg2 35. c4 Rxc2 36. Rb7+ Ke6 37. Rb6+ Kd7 38. Kd5 Rd2+ 39. Kc5 Rc2 40.
e6+ Ke7 41. exf7 Kxf7 42. Kd5 h5 43. c5 Rg2 44. Rb7+ Ke8 45. e5 g5 46. hxg5 Rxg5
47. Kd6 1-0

[Event "Indywidualne Mistrzostwa Polski Juniorow - C18"]
[Site "Szczyrk"]
[Date "2013-03-24"]
[Round "2.17"]
[White "Lewicki, Miroslaw"]
[Black "Kuspak, Aleksander"]
[Result "1-0"]
[WhiteTitle "CM"]
[BlackTitle "I"]
[WhiteElo "2208"]
[BlackElo "1926"]

1. e4 c5 2. Nf3 e6 3. c4 a6 4. Nc3 Qc7 5. Be2 Be7 6. d4 cxd4 7. Nxd4 Nf6 8. O-O
b6 9. Bf3 Bb7 10. e5 Ng8 11. Bxb7 Qxb7 12. Qg4 g6 13. Ne4 f5 14. exf6 Nxf6 15.
Nxf6+ Bxf6 16. Bg5 O-O 17. Bxf6 Rxf6 18. Rad1 Nc6 19. Nf3 Rf7 20. Ng5 Rg7 21.
Rd6 Ne7 22. Qe4 Rb8 23. Rfd1 Nf5 24. R6d3 h5 25. Qe5 Rf8 26. h3 h4 27. Qe4 Qc7
28. Nf3 g5 29. Ne5 d6 30. Ng4 Re7 31. b3 Qc5 32. Rf3 Kg7 33. Ne3 Ref7 34. Qxe6
Nxe3 35. Rxe3 Rf6 36. Qe4 Qa3 37. Qg4 Kh6 38. Rd5 Rg8 39. Rf5 Rfg6 40. Qe2 Qc1+
41. Kh2 Qa1 42. Re4 g4 43. Qe3+ Kg7 44. Re7+ Kh8 45. Rh5+ Rh6 46. Rxh6# 1-0

[Event "Indywidualne Mistrzostwa Polski Juniorow - C18"]
[Site "Szczyrk"]
[Date "2013-03-24"]
[Round "2.18"]
[White "Musialkiewicz, Pawel"]
[Black "Grzeskow, Adrian"]
[Result "0-1"]
[WhiteTitle "k"]
[BlackTitle "I"]
[WhiteElo "2182"]
[BlackElo "1885"]

1. d4 Nf6 2. c4 g6 3. Nc3 Bg7 4. e4 d6 5. f3 O-O 6. Be3 e5 7. d5 Nh5 8. Qd2 f5
9. exf5 gxf5 10. Bd3 Na6 11. Nge2 Nc5 12. Bc2 a6 13. O-O a5 14. Rab1 b6 15. f4
Kh8 16. Rf3 Qf6 17. Rbf1 Qg6 18. Kh1 Ne4 19. Nxe4 fxe4 20. fxe5 Bf5 21. R3f2 Bxe5
22. g4 Qxg4 23. Rg2 Qh3 24. Rff2 Bg6 25. Ng1 Qd7 26. Bd1 Rxf2 27. Rxf2 Nf6 28.
Rg2 Rg8 29. Bg5 Bf5 30. Rf2 Ng4 31. Bxg4 Bxg4 32. Rg2 Qf5 33. Be3 Qf1 34. Qf2
Qd1 35. Qd2 Bf3 0-1

[Event "Indywidualne Mistrzostwa Polski Juniorow - C18"]
[Site "Szczyrk"]
[Date "2013-03-24"]
[Round "2.19"]
[White "Dzikowski, Michal"]
[Black "Malec, Sebastian"]
[Result "0-1"]
[WhiteTitle "I"]
[BlackTitle "k"]
[WhiteElo "1879"]
[BlackElo "2171"]

1. d4 Nf6 2. c4 e6 3. Nc3 Bb4 4. Qc2 d5 5. cxd5 exd5 6. Bg5 c6 7. a3 Be7 8. e3
h6 9. Bf4 Nbd7 10. Be2 Nf8 11. Nf3 Ne6 12. Bg3 Ng5 13. Nd2 Bd7 14. Rc1 O-O 15.
O-O Re8 16. Bh4 Nfe4 17. Ndxe4 Nxe4 18. Bxe7 Qxe7 19. Nxe4 dxe4 20. Qc5 g6 21.
Qxe7 Rxe7 22. Rfd1 Be6 23. Bc4 Rd8 24. Bxe6 Rxe6 25. Rc5 Kf8 26. Kf1 Ke7 27. Ke2
b6 28. Rc2 Rd5 29. Rdc1 Kd7 30. Rc4 Kc7 31. R1c2 Kb7 32. Rc1 Rf6 33. R4c2 Rdf5
34. Rf1 Rh5 35. Rh1 Rg5 36. Rg1 h5 37. h4 Rgf5 38. Ke1 Rd6 39. Ke2 Rdf6 40. Ke1
a5 41. b3 Rb5 42. Rc3 a4 43. b4 Rbf5 44. Rf1 g5 45. hxg5 Rxg5 46. g3 Rgf5 47.
Rc2 h4 48. gxh4 Rh5 49. Rh1 Rfh6 50. Ke2 Rxh4 51. Rxh4 Rxh4 52. Rc1 Rh3 53. Rf1
Rf3 54. Rh1 Ka6 55. Rc1 Kb5 56. Kf1 Rf5 57. Rc2 Rh5 58. Kg2 Rg5+ 59. Kf1 f5 60.
Rc1 Rg4 61. Rc3 Rg6 62. Rc2 Rd6 63. f4 exf3 64. Kf2 f4 65. Kxf3 fxe3 66. Kxe3
Rh6 67. Rc3 Rh2 68. Kd3 Ra2 69. Ke3 Ka6 70. Kd3 Kb7 71. Ke3 Rh2 72. Ke4 Rh4+ 73.
Ke5 Kc7 74. Rf3 Rh7 75. Ke4 Re7+ 76. Kf4 Kd6 77. Rh3 Kd5 78. Rh6 Re4+ 79. Kf3
Rxd4 80. Ke3 Rg4 81. Rh5+ Kc4 82. Kf3 Rd4 83. Ke2 Kb3 84. Rh3+ Kb2 85. Rg3 Rc4
86. Kd2 Rc2+ 87. Kd1 Rc3 0-1

[Event "Indywidualne Mistrzostwa Polski Juniorow - C18"]
[Site "Szczyrk"]
[Date "2013-03-24"]
[Round "2.20"]
[White "Worobiej, Daniel"]
[Black "Tomsia, Kamil"]
[Result "0-1"]
[WhiteTitle "I"]
[BlackTitle "I++"]
[WhiteElo "1859"]
[BlackElo "2141"]

1. e4 c5 2. Nf3 Nc6 3. Bb5 e6 4. Nc3 Nge7 5. O-O a6 6. Bxc6 Nxc6 7. d4 cxd4 8.
Nxd4 Qc7 9. Re1 Bd6 10. Nxc6 dxc6 11. Qh5 Be5 12. Be3 Bxc3 13. bxc3 b6 14. a4
a5 15. Rab1 c5 16. Red1 O-O 17. Rxb6 Qxb6 18. Bxc5 g6 19. Qe5 Rd8 20. Bd4 Rxd4
21. cxd4 Bd7 22. c4 Bxa4 23. c5 Qb4 24. Rc1 Qb2 25. Re1 Qc3 26. Rb1 h5 27. h4
Bb3 28. c6 a4 29. c7 Rc8 30. g4 Qxc7 0-1

[Event "Indywidualne Mistrzostwa Polski Juniorow - C18"]
[Site "Szczyrk"]
[Date "2013-03-24"]
[Round "2.21"]
[White "Moszczenski, Milosz"]
[Black "Kanarkiewicz, Michal"]
[Result "0-1"]
[WhiteTitle "I"]
[BlackTitle "I"]
[WhiteElo "1754"]
[BlackElo "2056"]

1. d4 g6 2. c4 Bg7 3. Nf3 d6 4. g3 Nf6 5. Bg2 O-O 6. O-O Nc6 7. Nc3 a6 8. b3 Rb8
9. Bb2 b5 10. cxb5 axb5 11. Rc1 Bd7 12. Qc2 Nb4 13. Qd2 c5 14. d5 Qb6 15. e4 Ng4
16. Qe2 c4 17. Nd1 Bxb2 18. Nxb2 Nxa2 19. Ra1 cxb3 20. Qd3 b4 21. Qxb3 Nc3 22.
Rae1 Bb5 23. Nc4 Qc5 24. Nfd2 Rfc8 25. Ne3 Nxe3 26. Rxe3 Ne2+ 27. Kh1 Nd4 28.
Qb2 Bxf1 29. Bxf1 b3 30. Bc4 Rb4 31. Nxb3 Qxc4 0-1

[Event "Indywidualne Mistrzostwa Polski Juniorow - C18"]
[Site "Szczyrk"]
[Date "2013-03-24"]
[Round "2.22"]
[White "Budnik, Mateusz"]
[Black "Chmiel, Marcin"]
[Result "1-0"]
[WhiteTitle "II+"]
[BlackTitle "I+"]
[WhiteElo "1701"]
[BlackElo "1978"]

1. e4 c5 2. Nf3 e6 3. d4 cxd4 4. Nxd4 a6 5. Nc3 b5 6. Be2 Bb7 7. f3 d6 8. Be3 Nf6
9. Qd2 Be7 10. O-O-O Nc6 11. g4 Rc8 12. Nxc6 Bxc6 13. h4 Nd7 14. g5 Qa5 15. h5
b4 16. Nb1 Qxa2 17. Qxb4 d5 18. Qc3 O-O 19. h6 d4 20. Rxd4 Bb5 21. Rc4 Bf6 22.
gxf6 Bxc4 23. hxg7 Rfd8 24. Rxh7 Kxh7 25. Qe1 Nxf6 26. Qh4+ Kxg7 27. Bh6+ Kh7
28. Bg5+ Kg8 29. Bxf6 Rd1+ 30. Bxd1 1-0

[Event "Indywidualne Mistrzostwa Polski Juniorow - C18"]
[Site "Szczyrk"]
[Date "2013-03-24"]
[Round "2.23"]
[White "Zareba, Grzegorz"]
[Black "Prominski, Piotr"]
[Result "1-0"]
[WhiteTitle "I"]
[BlackTitle "I"]
[WhiteElo "1968"]
[BlackElo "1834"]

1. c4 e6 2. g3 d5 3. cxd5 exd5 4. Bg2 Nf6 5. Nf3 Be7 6. O-O O-O 7. d4 b6 8. Nc3
Bb7 9. Bf4 c5 10. Qb3 c4 11. Qc2 Nc6 12. Rad1 Nb4 13. Qb1 Re8 14. Rfe1 Nh5 15.
a3 Nxf4 16. gxf4 Na6 17. Ne5 Nc7 18. Nxc4 Bd6 19. Nxd6 Qxd6 20. e3 Rad8 21. Ne2
g6 22. Rc1 Qe7 23. Ng3 Nb5 24. Qa2 h5 25. a4 Nc7 26. a5 h4 27. Ne2 Na6 28. axb6
axb6 29. Qb3 Nb4 30. Ra1 Bc6 31. Kh1 Bb5 32. Nc1 Bc4 33. Qc3 Bb5 34. Qb3 Rc8 35.
Rg1 Rc2 36. Na2 Rxf2 37. Nxb4 Bc4 38. Qc3 h3 39. Bxh3 Qh4 40. Rg3 Be2 41. Qe1
1-0

[Event "Indywidualne Mistrzostwa Polski Juniorow - C18"]
[Site "Szczyrk"]
[Date "2013-03-24"]
[Round "2.24"]
[White "Kwiatkowski, Wiktor"]
[Black "Mikolajczak, Wojciech"]
[Result "1-0"]
[WhiteTitle "I"]
[BlackTitle "II+"]
[WhiteElo "1949"]
[BlackElo "1740"]

1. e4 c5 2. Nf3 Nc6 3. d4 cxd4 4. Nxd4 Nf6 5. Nc3 g6 6. Nxc6 bxc6 7. e5 Nh5 8.
Bc4 Qa5 9. Qe2 Ng7 10. O-O Nf5 11. Bd2 Bg7 12. Nd5 Qd8 13. Nf6+ Kf8 14. Bb4 d5
15. Bd3 Nd4 16. Qd2 a5 17. Ba3 Ne6 18. Qe3 c5 19. Nxd5 Qxd5 20. Be4 Qd8 21. Rfd1
Qc7 22. Bxa8 Bxe5 23. g3 Kg7 24. c3 h6 25. Bd5 Bd6 26. b3 Ng5 27. h4 Nh3+ 28.
Kg2 g5 29. Rh1 g4 30. Rad1 f5 31. Bb2 c4 32. Qd4+ Kh7 33. Qxc4 Qb6 34. Rhf1 Rf8
35. Qd3 e6 36. Bxe6 Bb7+ 37. Bd5 Bc8 38. c4 Be7 39. Bd4 Qc7 40. Be3 Kg7 41. Bd4+
Kh7 42. f4 Bxh4 43. gxh4 Nxf4+ 44. Rxf4 Qxf4 45. Re1 Qd6 46. h5 Bd7 47. Re5 Qf6
48. Qe3 Qg5 49. Re7+ 1-0